[Event "SG Kaltern/Tramin-Brixen/Milland"]
[Site "?"]
[Date "2013.01.12"]
[Round "6.3"]
[White "Kofler, Thomas"]
[Black "Bertagnolli, Gerhard"]
[Result "0-1"]
[WhiteElo "1960"]
[BlackElo "1923"]
[PlyCount "100"]
[EventDate "2013.??.??"]

1. e4 c5 2. a3 e6 3. Nf3 a6 4. Be2 Qc7 5. Nc3 b5 6. d4 cxd4 7. Nxd4 Bb7 8. Bg5
d6 9. O-O Nd7 10. Bh5 g6 11. Bg4 Qc4 12. Be2 Qc7 13. h4 Ngf6 14. Bf3 Be7 15.
Qe2 h6 16. Bd2 Ne5 17. Rfd1 Nfd7 18. g3 Nxf3+ 19. Nxf3 Rc8 20. Nd4 Ne5 21. f3
Nc4 22. Bc1 d5 23. Kg2 dxe4 24. Nxe4 e5 25. Nb3 f5 26. Nf2 Kf7 27. c3 g5 28.
Nd2 Nxd2 29. Bxd2 g4 30. Qd3 Bxf3+ 31. Kh2 Ke6 32. Re1 Rcd8 33. Qc2 Kf6 34. Rf1
Bc5 35. Rae1 Qd6 36. Bc1 Qd5 37. Nh1 Rd7 38. Nf2 Kg6 39. Nd1 Be4 40. Rxe4 Qxe4
41. Qb3 Qc4 42. h5+ Kf6 43. Qxc4 bxc4 44. Be3 Rxd1 45. Rxd1 Bxe3 46. Rd6+ Kg5
47. Rxa6 Rd8 48. Rc6 Rd2+ 49. Kh1 f4 50. Re6 fxg3 0-1

[Event "SG Kaltern/Tramin-Brixen/Milland"]
[Site "?"]
[Date "2013.01.12"]
[Round "6.4"]
[White "Dibiasi, Rainer"]
[Black "Kofler, Oswald"]
[Result "1/2-1/2"]
[WhiteElo "1806"]
[BlackElo "1858"]
[PlyCount "103"]
[EventDate "2013.??.??"]

1. Nf3 g6 2. c4 Bg7 3. Nc3 d6 4. d4 Nc6 5. e4 e5 6. d5 Nce7 7. Be2 f5 8. Bg5 h6
9. Bxe7 Qxe7 10. Bd3 f4 11. Qc2 Nf6 12. c5 Bg4 13. Bb5+ Kf7 14. O-O-O a6 15.
Bc4 b5 16. Bb3 Rhd8 17. h3 Bh5 18. Rhf1 g5 19. g4 Bg6 20. Nd2 Nd7 21. c6 Nc5
22. Ne2 h5 23. f3 Nxb3+ 24. Qxb3 hxg4 25. fxg4 Rh8 26. Rf3 Qd8 27. Qb4 Qb8 28.
Qa5 Qa7 29. Kb1 Rab8 30. Qc3 a5 31. Qd3 Qb6 32. Ng1 b4 33. Ne2 Qb5 34. Qxb5
Rxb5 35. Rd3 Rhb8 36. Rc1 Ra8 37. Kc2 Ke7 38. Kd1 Rf8 39. Rc4 Kd8 40. Ng1 Bf6
41. Ke2 Kc8 42. Kf3 Kb8 43. Rb3 Ka7 44. a4 Rbb8 45. Rd3 Rf7 46. b3 Rh8 47. Kg2
Bd8 48. Ndf3 Kb6 49. Rd1 Rfh7 50. Re1 Bf7 51. Rd1 Re8 52. Rd2 1/2-1/2

[Event "SG Kaltern/Tramin-Brixen/Milland"]
[Site "?"]
[Date "2013.01.12"]
[Round "6.5"]
[White "Wisthaler, Lukas"]
[Black "Dallaglio, Giovanni"]
[Result "1-0"]
[WhiteElo "1822"]
[BlackElo "1675"]
[PlyCount "99"]
[EventDate "2013.??.??"]

1. e4 e6 2. d4 d5 3. Nc3 dxe4 4. Nxe4 Nd7 5. Nf3 Ngf6 6. Nxf6+ Nxf6 7. Bd3 c5
8. O-O cxd4 9. Nxd4 Bc5 10. Nb3 Bd6 11. Be3 Qc7 12. h3 Bd7 13. c4 O-O 14. Nd4
Bf4 15. Qe2 Bxe3 16. Qxe3 Bc6 17. Rfd1 a5 18. Be2 Rfd8 19. Nxc6 Qxc6 20. b3 Rd7
21. Bf3 Qc7 22. Rxd7 Nxd7 23. Rd1 Ne5 24. Be4 Nc6 25. Qc5 Rd8 26. Rxd8+ Qxd8
27. Bxc6 bxc6 28. Qxc6 g6 29. Qc5 Qd1+ 30. Kh2 Qd2 31. a3 h5 32. Qe3 Qd6+ 33.
g3 Qxa3 34. h4 a4 35. bxa4 Qxa4 36. c5 Qc4 37. Qe5 Kf8 38. Qd6+ Ke8 39. Qc6+
Ke7 40. Qb7+ Ke8 41. Qc6+ Ke7 42. Qd6+ Ke8 43. c6 Qd5 44. Qb8+ Ke7 45. c7 Qd4
46. c8=N+ Kf6 47. Qf4+ Qxf4 48. gxf4 Kf5 49. Kg3 e5 50. Nd6+ 1-0

[Event "SG Kaltern/Tramin-Brixen/Milland"]
[Site "?"]
[Date "2013.01.12"]
[Round "6.6"]
[White "Thaler, Elmar"]
[Black "Del Piero, Flavio"]
[Result "1-0"]
[WhiteElo "1721"]
[BlackElo "1759"]
[PlyCount "82"]
[EventDate "2013.??.??"]

1. d4 Nf6 2. c4 g6 3. Nc3 Bg7 4. Nf3 d6 5. e4 O-O 6. Be2 Nc6 7. h3 e5 8. d5 Ne7
9. O-O Ne8 10. Ne1 f5 11. Nd3 b6 12. f4 fxe4 13. Nxe4 Nf5 14. fxe5 dxe5 15. Bg5
Qd7 16. Qd2 Ned6 17. Ndf2 h6 18. Be3 Nxe3 19. Qxe3 Qe7 20. Nxd6 cxd6 21. Bd3
Bf5 22. Ne4 g5 23. g4 Bh7 24. Ng3 Rxf1+ 25. Rxf1 Rf8 26. Nf5 Qc7 27. b3 Bxf5
28. Bxf5 Qc5 29. Kf2 Kf7 30. Ke2 Qxe3+ 31. Kxe3 Ke7 32. Rb1 Rb8 33. Be6 Rf8 34.
b4 Rb8 35. Rc1 Rb7 36. c5 bxc5 37. bxc5 dxc5 38. Rxc5 Bf6 39. Rc4 Rb2 40. Rc7+
Kd6 41. Rxa7 Rh2 1-0

[Event "SK Deutschnofen-Groeden II"]
[Site "?"]
[Date "2013.01.12"]
[Round "6.2"]
[White "Gibitz, Othmar"]
[Black "Grossrubatscher, Herbert"]
[Result "1/2-1/2"]
[WhiteElo "1592"]
[BlackElo "1631"]
[PlyCount "41"]
[EventDate "2013.??.??"]

1. e4 c5 2. Nf3 e6 3. d4 cxd4 4. Nxd4 Nc6 5. Be3 Nf6 6. Nd2 d6 7. c3 e5 8. Ne2
Ng4 9. Nf3 Nxe3 10. fxe3 Qb6 11. Qd2 Be7 12. Ng3 Bg4 13. Be2 O-O-O 14. Nf5 Bf8
15. Ng5 Bxe2 16. Kxe2 Rd7 17. Rhd1 g6 18. Ng3 f6 19. Nf3 Bh6 20. Rf1 Rhd8 21.
c4 1/2-1/2

[Event "SK Deutschnofen-Groeden II"]
[Site "?"]
[Date "2013.01.12"]
[Round "6.3"]
[White "Grossrubatscher, Johann"]
[Black "Hofer, Alois"]
[Result "1/2-1/2"]
[WhiteElo "1489"]
[BlackElo "1559"]
[PlyCount "52"]
[EventDate "2013.??.??"]

1. f4 e5 2. d3 Nc6 3. Nf3 d6 4. e4 Bg4 5. Be2 g6 6. O-O exf4 7. Bxf4 Bg7 8. c3
Nge7 9. Qb3 Be6 10. Qc2 O-O 11. Nbd2 Bd7 12. d4 Qe8 13. Rae1 Qc8 14. Kh1 a6 15.
Rf2 b5 16. Nf1 Nd8 17. Bg5 Nec6 18. Ng3 f6 19. Be3 Ne7 20. Qd2 Nf7 21. Rd1 Nc6
22. b3 Ne7 23. c4 c6 24. Rc1 Qd8 25. Rd1 d5 26. Bd3 Be8 1/2-1/2

[Event "SK Deutschnofen-Groeden II"]
[Site "?"]
[Date "2013.01.12"]
[Round "6.4"]
[White "Welsch, Ulrich"]
[Black "Taschler, Manuel"]
[Result "1-0"]
[WhiteElo "1459"]
[BlackElo "1550"]
[PlyCount "57"]
[EventDate "2013.??.??"]

1. c4 c5 2. Nf3 Nf6 3. Nc3 Nc6 4. g3 g6 5. Bg2 Bg7 6. O-O O-O 7. d4 cxd4 8.
Nxd4 Nxd4 9. Qxd4 d6 10. Qd3 Rb8 11. e4 Qb6 12. h3 Nd7 13. Nd5 Qd8 14. Bg5 Re8
15. Qd2 Ne5 16. Rac1 Bxh3 17. f4 Bxg2 18. Kxg2 Ng4 19. f5 h6 20. fxg6 fxg6 21.
Qf4 Ne5 22. Bxh6 e6 23. Bxg7 Kxg7 24. Rh1 g5 25. Rh7+ Kg6 26. Rch1 gxf4 27.
R1h6+ Kg5 28. gxf4+ Kg4 29. Rg7+ 1-0

[Event "SK Deutschnofen-Groeden II"]
[Site "?"]
[Date "2013.01.12"]
[Round "6.5"]
[White "Goller, Bruno"]
[Black "Mittermair, Alois"]
[Result "1-0"]
[WhiteElo "1455"]
[BlackElo "1502"]
[PlyCount "53"]
[EventDate "2013.??.??"]

1. d4 f5 2. c4 Nf6 3. Nc3 e6 4. Bg5 Be7 5. Nf3 d5 6. Bxf6 Bxf6 7. cxd5 exd5 8.
Qa4+ c6 9. e3 O-O 10. Bd3 Qd6 11. Qc2 Bd8 12. O-O Be6 13. Ne2 g5 14. Ng3 Qd7
15. Ne5 Qc8 16. f4 g4 17. Nh5 Qc7 18. Ng3 Qc8 19. Rac1 Kh8 20. b4 Bh4 21. b5
Bxg3 22. hxg3 Bd7 23. a4 Rf6 24. Kf2 Qf8 25. Rh1 cxb5 26. axb5 Qd6 27. Qc7 1-0

[Event "SK Gries-SK Ehrenburg"]
[Site "?"]
[Date "2013.01.12"]
[Round "6.1"]
[White "Flatscher, Tobias"]
[Black "Spornberger, Maximilian"]
[Result "1-0"]
[WhiteElo "1704"]
[BlackElo "2222"]
[PlyCount "41"]
[EventDate "2013.??.??"]

1. e4 g6 2. d4 Bg7 3. Nc3 d6 4. f4 Nc6 5. Be3 Nf6 6. Nf3 e6 7. Qd2 Ne7 8. O-O-O
O-O 9. e5 Nfd5 10. Nxd5 Nxd5 11. Bd3 b6 12. h4 h5 13. g4 hxg4 14. h5 gxf3 15.
hxg6 f5 16. Rh7 Ne7 17. Qh2 Nxg6 18. Rg1 Rf6 19. Qh5 Kf7 20. Qh6 Qh8 21. exf6
1-0

[Event "SK Gries-SK Ehrenburg"]
[Site "?"]
[Date "2013.01.12"]
[Round "6.2"]
[White "Spornberger, Andre"]
[Black "Gruber, Alexander"]
[Result "1-0"]
[WhiteElo "2048"]
[BlackElo "1796"]
[PlyCount "39"]
[EventDate "2013.??.??"]

1. e4 e6 2. d3 d5 3. Nd2 dxe4 4. dxe4 Nf6 5. Ngf3 Be7 6. g3 O-O 7. Bg2 c5 8.
O-O Nc6 9. c3 Qc7 10. Qe2 b6 11. Re1 e5 12. Nf1 Bb7 13. Ne3 g6 14. Nd5 Nxd5 15.
exd5 Na5 16. Nxe5 Bd6 17. Ng4 h5 18. Nf6+ Kg7 19. Qe3 Kxf6 20. Qh6 1-0

[Event "SK Gries-SK Ehrenburg"]
[Site "?"]
[Date "2013.01.12"]
[Round "6.3"]
[White "Messner, Alex"]
[Black "Paulmichl, Martin"]
[Result "0-1"]
[WhiteElo "1618"]
[BlackElo "1953"]
[PlyCount "116"]
[EventDate "2013.??.??"]

1. c4 e5 2. g3 Nc6 3. Bg2 g6 4. Nc3 Bg7 5. e3 Nge7 6. Nge2 d6 7. O-O Be6 8. Nd5
O-O 9. Nec3 f5 10. d3 Qd7 11. Rb1 Nd8 12. Qc2 c6 13. Nxe7+ Qxe7 14. b4 e4 15.
b5 Nf7 16. bxc6 bxc6 17. f4 exf3 18. Bxf3 Ne5 19. Bg2 Rab8 20. Bd2 Qc7 21. Ne2
Rxb1 22. Rxb1 Rb8 23. Nd4 Bd7 24. Rb3 Bh6 25. Qb1 Rxb3 26. axb3 Qb8 27. Ne2 Ng4
28. Nf4 Qe8 29. Qe1 g5 30. Nh3 Ne5 31. Qe2 Qg6 32. e4 fxe4 33. Bxe4 Bf5 34. Nf2
Bg7 35. d4 Nf7 36. Bc3 Bxe4 37. Nxe4 h6 38. Qg4 Kh7 39. Qf3 d5 40. Nd2 dxc4 41.
bxc4 Kg8 42. Qg4 Qd3 43. Qf3 Bxd4+ 44. Bxd4 Qxd4+ 45. Qf2 Qxf2+ 46. Kxf2 Ne5
47. Ke3 Kf7 48. Kd4 Ke6 49. Kc5 Kd7 50. Ne4 a5 51. Nf6+ Ke6 52. Ne4 Kf5 53. Nf2
h5 54. h4 gxh4 55. gxh4 Kf4 56. Kd4 Nd7 57. Kc3 Kg3 58. Nh1+ Kg2 0-1

[Event "SK Gries-SK Ehrenburg"]
[Site "?"]
[Date "2013.01.12"]
[Round "6.4"]
[White "Niederstaetter, Harald"]
[Black "Babinetz, Rainer"]
[Result "0-1"]
[WhiteElo "1930"]
[BlackElo "1897"]
[PlyCount "44"]
[EventDate "2013.??.??"]

1. d4 d5 2. Nf3 Nf6 3. e3 c6 4. c4 g6 5. Nc3 Bg7 6. Bd3 O-O 7. O-O Nbd7 8. cxd5
cxd5 9. Bd2 b6 10. Rc1 Bb7 11. Qb3 e5 12. Nxe5 Nxe5 13. dxe5 Ng4 14. f4 d4 15.
Nd1 Qh4 16. Rf3 Qxh2+ 17. Kf1 Qh1+ 18. Ke2 Qxg2+ 19. Rf2 Bf3+ 20. Ke1 Qg1+ 21.
Rf1 Qg3+ 22. Rf2 Bxd1 0-1

[Event "SK Gries-SK Ehrenburg"]
[Site "?"]
[Date "2013.01.12"]
[Round "6.5"]
[White "Mitterhofer, Martin"]
[Black "Zammarchi, Massimo"]
[Result "0-1"]
[WhiteElo "1560"]
[BlackElo "1900"]
[PlyCount "76"]
[EventDate "2013.??.??"]

1. e4 e5 2. Nf3 Nc6 3. Bc4 Bc5 4. c3 d6 5. d3 Nf6 6. Be3 Bb6 7. O-O O-O 8. h3
Qe7 9. b4 Be6 10. Qb3 Bxc4 11. Qxc4 Rad8 12. Bg5 h6 13. Bxf6 Qxf6 14. a4 a5 15.
b5 Ne7 16. Qb3 Ng6 17. c4 Nf4 18. Kh2 g5 19. Qd1 Qg6 20. g3 Ne6 21. Nc3 f5 22.
Nd5 Rd7 23. Nxb6 cxb6 24. Qe2 Rdf7 25. exf5 Qxf5 26. Nd2 Qxf2+ 27. Rxf2 Rxf2+
28. Qxf2 Rxf2+ 29. Kg1 Rxd2 30. Rf1 Kg7 31. Rf3 Nd4 32. Re3 Ra2 33. h4 g4 34.
h5 Rxa4 35. Re4 Nf3+ 36. Kf2 Rb4 37. Rxg4+ Ng5 38. c5 bxc5 0-1

[Event "SK Gries-SK Ehrenburg"]
[Site "?"]
[Date "2013.01.12"]
[Round "6.6"]
[White "Fongarolli, Diego"]
[Black "Messner, Hannes"]
[Result "1-0"]
[WhiteElo "1896"]
[BlackElo "1438"]
[PlyCount "45"]
[EventDate "2013.??.??"]

1. e4 c5 2. Nf3 d6 3. d4 cxd4 4. Nxd4 Nf6 5. Nc3 a6 6. Bg5 Nbd7 7. f4 e5 8. Nf5
Nc5 9. fxe5 dxe5 10. Qxd8+ Kxd8 11. O-O-O+ Ke8 12. Bxf6 gxf6 13. Nd5 Kd8 14.
Nb6+ Kc7 15. Nxa8+ Kc6 16. Bc4 Be6 17. Bd5+ Bxd5 18. exd5+ Kb5 19. a3 Nd7 20.
Rd3 Nc5 21. Rc3 a5 22. Rd1 b6 23. Nc7+ 1-0

[Event "SK Naturns Jambo II-J.Richter /Lask II"]
[Site "?"]
[Date "2013.01.12"]
[Round "6.1"]
[White "Rigo, Gianfranco"]
[Black "Gurschler, Gregor"]
[Result "1/2-1/2"]
[WhiteElo "1898"]
[BlackElo "1743"]
[PlyCount "96"]
[EventDate "2013.??.??"]

1. e4 g6 2. d4 Bg7 3. c3 d6 4. Bc4 e6 5. Nf3 Ne7 6. O-O b6 7. Bg5 h6 8. Be3 O-O
9. Re1 Bb7 10. Nbd2 Nd7 11. Qc2 d5 12. Bd3 dxe4 13. Nxe4 Nd5 14. Bd2 N5f6 15.
Nxf6+ Qxf6 16. Ne5 Nxe5 17. dxe5 Qh4 18. Re3 Qg5 19. Be4 Bxe4 20. Qxe4 Rad8 21.
f4 Qf5 22. Qxf5 exf5 23. Be1 Rfe8 24. Re2 f6 25. Bh4 Kf7 26. Rae1 Re6 27. Kf1
g5 28. fxg5 fxg5 29. Bg3 f4 30. Bf2 Rd5 31. c4 Rdxe5 32. Rxe5 Rxe5 33. Rd1 Re7
34. b4 Re4 35. Rd7+ Re7 36. Rd3 Re4 37. c5 Ke7 38. cxb6 cxb6 39. Ra3 Rxb4 40.
Rxa7+ Kf8 41. Rb7 Rb1+ 42. Ke2 Rb2+ 43. Kf3 g4+ 44. Kxf4 Rxf2+ 45. Kg3 Rxa2 46.
Rxb6 Ra4 47. Kh4 Kg8 48. Rg6 Kh7 1/2-1/2

[Event "SK Naturns Jambo II-J.Richter /Lask II"]
[Site "?"]
[Date "2013.01.12"]
[Round "6.2"]
[White "Kaserer, Hanspeter"]
[Black "Muscolino, Attilio"]
[Result "1/2-1/2"]
[WhiteElo "1725"]
[BlackElo "1735"]
[PlyCount "96"]
[EventDate "2013.??.??"]

1. d4 Nf6 2. Nf3 g6 3. e3 Bg7 4. Bd3 d6 5. O-O O-O 6. c4 Nc6 7. a3 e5 8. dxe5
dxe5 9. Qc2 Qe7 10. Nc3 Bg4 11. Nd2 Rad8 12. Nde4 Nb8 13. Nxf6+ Qxf6 14. Nd5
Qd6 15. Be2 Bxe2 16. Qxe2 c6 17. Nc3 Qd3 18. Qxd3 Rxd3 19. Re1 f5 20. Kf1 e4
21. Nd1 Rfd8 22. Ke2 b5 23. cxb5 cxb5 24. f3 Nc6 25. Nf2 Bxb2 26. Bxb2 Rd2+ 27.
Kf1 Rxb2 28. Re2 Rxe2 29. Kxe2 exf3+ 30. gxf3 Kf7 31. Rc1 Rd6 32. Nd3 Ke7 33.
h4 Kd7 34. Rc5 a6 35. h5 Ne7 36. hxg6 hxg6 37. Rc1 Nd5 38. Kf2 Ke6 39. Rc8 g5
40. Rh8 Nc3 41. Rh6+ Kd7 42. Rh7+ Kd8 43. Ne5 Rd2+ 44. Kg3 Ne2+ 45. Kh3 Ng1+
46. Kg3 Ne2+ 47. Kh3 Ng1+ 48. Kg3 Ne2+ 1/2-1/2

[Event "SK Naturns Jambo II-J.Richter /Lask II"]
[Site "?"]
[Date "2013.01.12"]
[Round "6.3"]
[White "Gruber, Martin"]
[Black "Pichler, Christoph"]
[Result "1-0"]
[WhiteElo "1609"]
[BlackElo "1843"]
[PlyCount "165"]
[EventDate "2013.??.??"]

1. e4 e5 2. Nf3 Nc6 3. d4 exd4 4. Nxd4 Nxd4 5. Qxd4 d6 6. Nc3 Nf6 7. Bc4 Be7 8.
O-O O-O 9. Rd1 Bg4 10. Be2 Bxe2 11. Nxe2 Nd7 12. f4 c6 13. Be3 Nf6 14. e5 Ng4
15. exd6 Nxe3 16. Qxe3 Bxd6 17. Qd4 Bc7 18. Qxd8 Raxd8 19. Kf1 g6 20. g3 Bb6
21. Rab1 Rfe8 22. Nc3 Bd4 23. Ne2 Bb6 24. a3 Kf8 25. Nc3 Bd4 26. Ne2 Bb6 27. c3
f6 28. Rbc1 Re3 29. Rxd8+ Bxd8 30. Rd1 Ke7 31. Kf2 Bb6 32. Nd4 Re4 33. Kf3 f5
34. Nc2 h6 35. Re1 Rxe1 36. Nxe1 Ke6 37. Nd3 g5 38. h3 gxf4 39. Nxf4+ Kf6 40.
a4 Bc7 41. Nd3 h5 42. b4 b6 43. Nf4 Bxf4 44. Kxf4 a6 45. a5 bxa5 46. bxa5 c5
47. c4 Ke6 48. Kg5 Ke5 49. Kxh5 Kd4 50. Kg6 Kxc4 51. h4 Kb5 52. h5 c4 53. h6 c3
54. h7 c2 55. h8=Q c1=Q 56. Qe5+ Ka4 57. Kxf5 Qc8+ 58. Kf4 Qc1+ 59. Qe3 Qf1+
60. Kg4 Qd1+ 61. Kf5 Qd7+ 62. Qe6 Qh7+ 63. Kf4 Qc7+ 64. Qe5 Qc1+ 65. Qe3 Qf1+
66. Qf3 Qc1+ 67. Kg4 Qc8+ 68. Qf5 Qg8+ 69. Kh4 Qh8+ 70. Qh5 Qd8+ 71. Kh3 Qd7+
72. g4 Qe6 73. Qf5 Qh6+ 74. Kg3 Qe3+ 75. Qf3 Qe1+ 76. Kh3 Qxa5 77. Qf4+ Kb3 78.
g5 Qd5 79. Kg4 Qe6+ 80. Qf5 Qc4+ 81. Kg3 Qc7+ 82. Qf4 Qc6 83. Qf3+ 1-0

[Event "SK Naturns Jambo II-J.Richter /Lask II"]
[Site "?"]
[Date "2013.01.12"]
[Round "6.4"]
[White "Gurschler, Thomas"]
[Black "Hermeter, Walter"]
[Result "1-0"]
[WhiteElo "1674"]
[BlackElo "1660"]
[PlyCount "113"]
[EventDate "2013.??.??"]

1. d4 d5 2. Bf4 Nf6 3. e3 e6 4. Bd3 Bd6 5. Bxd6 cxd6 6. Nd2 Nc6 7. c3 O-O 8.
Ngf3 Qe7 9. O-O e5 10. dxe5 dxe5 11. Be2 e4 12. Nd4 Nxd4 13. cxd4 Ne8 14. Qb3
Be6 15. Rac1 a6 16. a4 Nd6 17. Rc3 Rfc8 18. Rfc1 Rxc3 19. Rxc3 b5 20. Qa3 Qd7
21. axb5 Nxb5 22. Bxb5 Qxb5 23. Qb3 Qe8 24. Qc2 g6 25. Nb3 Rb8 26. Nc5 a5 27.
Rb3 Ra8 28. Ra3 Qb5 29. Rb3 Qe8 30. Ra3 Qb5 31. h3 Qb4 32. Qc3 Qb6 33. b4 Rb8
34. bxa5 Qb1+ 35. Kh2 Rb2 36. Rb3 Rxb3 37. Qxb3 Qxb3 38. Nxb3 Bd7 39. Kg3 Bc6
40. Kf4 f6 41. h4 Kf7 42. Nc5 Ke7 43. g4 Kd6 44. g5 f5 45. f3 Ba8 46. a6 Bc6
47. Nb7+ Kc7 48. fxe4 dxe4 49. Nc5 Kd6 50. a7 Ba8 51. h5 Bc6 52. hxg6 hxg6 53.
Na4 Kc7 54. Ke5 Kb7 55. Nc3 Kxa7 56. Kf6 f4 57. exf4 1-0

[Event "SK Naturns Jambo II-J.Richter /Lask II"]
[Site "?"]
[Date "2013.01.12"]
[Round "6.5"]
[White "Anrather, Eva"]
[Black "Naegele, Raimund"]
[Result "1/2-1/2"]
[WhiteElo "1395"]
[BlackElo "1653"]
[PlyCount "130"]
[EventDate "2013.??.??"]

1. e4 c6 2. d4 d5 3. Nc3 dxe4 4. Nxe4 Bf5 5. Ng3 Bg6 6. Nf3 Nd7 7. Bc4 e6 8.
O-O Be7 9. a4 Ngf6 10. a5 O-O 11. c3 Nd5 12. Qb3 Qc7 13. Re1 Rab8 14. Bd2 b5
15. axb6 Rxb6 16. Qa2 Ra8 17. Bxd5 cxd5 18. Rec1 Bd3 19. b3 Qb7 20. b4 Bc4 21.
Qc2 Bf6 22. Nh5 Be7 23. Be3 Rc6 24. Nd2 Bb5 25. Qd1 Nf6 26. Ng3 Qc7 27. Qb3 a6
28. Qb2 Rc8 29. Nb3 Rxc3 30. Nc5 Rxc1+ 31. Rxc1 Qb6 32. Bg5 h6 33. Bf4 Nd7 34.
Nh5 Nf6 35. Ng3 Bc4 36. Qa1 Bxc5 37. bxc5 Qc6 38. Qc3 Qb5 39. Qd2 Kh7 40. Be5
Nd7 41. Bd6 a5 42. Qf4 Kg8 43. Nh5 Bd3 44. Be5 Bg6 45. Nxg7 Nxe5 46. Qxe5 Qb8
47. Qf6 Qb2 48. Re1 Qd2 49. Qe5 Qg5 50. Nxe6 Qxe5 51. Rxe5 fxe6 52. Rxe6 Bf7
53. Ra6 Rb8 54. f3 Rb4 55. Rxa5 Rxd4 56. Kf2 Rc4 57. Ke3 Rc2 58. g4 Rxh2 59.
Kd4 Rc2 60. Ra3 Kf8 61. Rc3 Rxc3 62. Kxc3 Ke7 63. Kd4 Ke6 64. f4 h5 65. gxh5
Bxh5 1/2-1/2

[Event "SK Naturns Jambo II-J.Richter /Lask II"]
[Site "?"]
[Date "2013.01.12"]
[Round "6.6"]
[White "Wielander, Wolfgang"]
[Black "Kofler, Franz"]
[Result "1-0"]
[WhiteElo "1416"]
[BlackElo "1294"]
[PlyCount "133"]
[EventDate "2013.??.??"]

1. d4 d5 2. Nf3 Nf6 3. c4 e6 4. Nc3 Bb4 5. Bg5 h6 6. Bh4 g5 7. Bg3 dxc4 8. e3
b5 9. Be2 Ne4 10. Qc2 Bb7 11. O-O Bxc3 12. bxc3 Nxg3 13. hxg3 Nd7 14. Rab1 Bc6
15. Nd2 a6 16. Bf3 Bxf3 17. gxf3 f5 18. e4 O-O 19. a4 c6 20. Kg2 Kg7 21. Rh1
Qf6 22. axb5 axb5 23. exf5 exf5 24. Ra1 c5 25. Qb2 Rab8 26. Rhe1 cxd4 27. cxd4
Nc5 28. Ra7+ Kg6 29. Qa1 Ne6 30. Ra6 Rfe8 31. d5 Qxa1 32. Rexa1 Kf7 33. dxe6+
Rxe6 34. Rxe6 Kxe6 35. g4 c3 36. Nb3 f4 37. Kf1 Kd5 38. Ke2 Rc8 39. Kd3 c2 40.
Rc1 Ra8 41. Rxc2 Rh8 42. Rc5+ Kd6 43. Rxb5 h5 44. gxh5 Rxh5 45. Nd2 Kc6 46. Rf5
Kd7 47. Ne4 Ke6 48. Rxg5 Rh8 49. Nc3 Ra8 50. Ke4 Ra3 51. Ne2 Ra4+ 52. Nd4+ Kf6
53. Rf5+ Kg6 54. Rxf4 Ra2 55. Rg4+ Kf6 56. Rg2 Ra7 57. f4 Re7+ 58. Kf3 Rd7 59.
Nc2 Rd3+ 60. Ne3 Ra3 61. Rg8 Kf7 62. Rh8 Rc3 63. f5 Ra3 64. Kg4 Ra4+ 65. Kg5
Ra2 66. Rh7+ Ke8 67. Ng4 1-0

[Event "SK Naturns Jambo-Groeden"]
[Site "?"]
[Date "2013.01.12"]
[Round "6.1"]
[White "Demetz, Rainer"]
[Black "Mukic, Josko"]
[Result "1/2-1/2"]
[WhiteElo "2170"]
[BlackElo "2268"]
[PlyCount "61"]
[EventDate "2013.??.??"]

1. e4 g6 2. d4 Bg7 3. Nc3 a6 4. g3 d6 5. Bg2 Nc6 6. Nge2 e5 7. dxe5 Nxe5 8. f4
Nc6 9. Be3 Nf6 10. Qd2 O-O 11. O-O-O Bd7 12. h3 b5 13. g4 Re8 14. Ng3 b4 15.
Nce2 h6 16. Rhe1 Rb8 17. Kb1 Na5 18. b3 Bc6 19. Bd4 Rb5 20. Nc1 Qa8 21. Bf1
Rbb8 22. e5 dxe5 23. Bxe5 Nd5 24. Bxg7 Kxg7 25. Rxe8 Rxe8 26. Re1 Rd8 27. Qd4+
Kg8 28. Kb2 Qc8 29. Nd3 Bb5 30. Qc5 Nb7 31. Qf2 1/2-1/2

[Event "SK Naturns Jambo-Groeden"]
[Site "?"]
[Date "2013.01.12"]
[Round "6.2"]
[White "La Manna, Andrea"]
[Black "Bernardi, Ruben"]
[Result "1/2-1/2"]
[WhiteElo "2193"]
[BlackElo "2102"]
[PlyCount "74"]
[EventDate "2013.??.??"]

1. d4 d5 2. c4 c6 3. Nc3 Nf6 4. cxd5 cxd5 5. Bf4 Nc6 6. e3 a6 7. Bd3 Bg4 8.
Nge2 e6 9. Qb3 Bd6 (9... Nb4 10. Bb1 Bxe2 11. Nxe2) 10. f3 Bh5 11. Qxb7 Na5 12.
Qxa8 Qxa8 13. Bxd6 Bg6 14. Bxg6 hxg6 15. b3 Nb7 16. Be5 O-O 17. Kf2 Na5 18. Na4
Nd7 19. Bd6 Re8 20. Rac1 Nc4 21. Bg3 (21. bxc4 Qc6 22. c5 Qxa4) 21... Ncb6 22.
Nc5 Kh7 23. Nxd7 Nxd7 24. Rc7 Qd8 25. Rhc1 e5 26. dxe5 Nxe5 27. Bxe5 Rxe5 28.
g3 Re7 29. Rxe7 Qxe7 30. a4 Qb4 31. Nd4 Qd2+ 32. Ne2 a5 33. Rc5 f5 34. h4 Kh6
35. Rc8 Kh7 36. Rc5 Kg8 37. Rb5 Kh7 1/2-1/2

[Event "SK Naturns Jambo-Groeden"]
[Site "?"]
[Date "2013.01.12"]
[Round "6.3"]
[White "Moroder, Stephan"]
[Black "Nicolodi, Raoul"]
[Result "1-0"]
[WhiteElo "2083"]
[BlackElo "1983"]
[PlyCount "85"]
[EventDate "2013.??.??"]

1. d4 e6 2. c4 Nf6 3. Nc3 Bb4 4. Qc2 Nc6 5. Nf3 O-O 6. Bg5 h6 7. Bh4 Be7 8. e3
d6 9. O-O-O Nh7 10. Bxe7 Qxe7 11. a3 e5 12. Nd5 Qd8 13. dxe5 dxe5 14. Nb6 Qxd1+
15. Kxd1 axb6 16. Kc1 Be6 17. h3 Rfd8 18. Bd3 Nf6 19. Rd1 Rxd3 20. Qxd3 e4 21.
Qc3 exf3 22. gxf3 Bxh3 23. Rg1 Kh7 24. e4 Nh5 25. f4 g6 26. Qxh3 Nxf4 27. Qd7
Ne2+ 28. Kb1 Ne5 29. Qxc7 Nxg1 30. Qxe5 Nh3 31. f4 h5 32. Qf6 Rg8 33. Qh4 Ng1
34. Qf2 Nh3 35. Qg3 Nxf4 36. Qxf4 Kg7 37. e5 Re8 38. Qf6+ Kg8 39. Qxb6 Rxe5 40.
Qxb7 Kg7 41. Qf3 Rf5 42. Qc3+ f6 43. c5 1-0

[Event "SK Naturns Jambo-Groeden"]
[Site "?"]
[Date "2013.01.12"]
[Round "6.4"]
[White "Fox, Jonas"]
[Black "Moroder, Thomas"]
[Result "1-0"]
[WhiteElo "1783"]
[BlackElo "1894"]
[PlyCount "71"]
[EventDate "2013.??.??"]

1. e4 c5 2. Nc3 d6 3. f4 Nc6 4. Nf3 g6 5. Bb5 Bg7 6. Bxc6+ bxc6 7. O-O Nf6 8.
d3 O-O 9. Qe1 Rb8 10. h3 Ne8 11. Qg3 e6 12. e5 d5 13. b3 Nc7 14. Ba3 Na6 15.
Na4 Nb4 16. Qf2 f6 17. Qxc5 Rb5 18. Qc3 fxe5 19. fxe5 a5 20. d4 Rb7 21. Nc5
Rbf7 22. Qd2 Rf4 23. c3 Na6 24. Nd3 R4f7 25. Bxf8 Qxf8 26. Ng5 Rf5 27. g4 Rxf1+
28. Rxf1 Qe8 29. Nf7 c5 30. Nd6 Qd8 31. Qf2 Bh6 32. Qf7+ Kh8 33. Qf6+ Qxf6 34.
exf6 Be3+ 35. Kg2 Bd7 36. f7 1-0

[Event "SK Naturns Jambo-Groeden"]
[Site "?"]
[Date "2013.01.12"]
[Round "6.5"]
[White "Prinoth, Franz"]
[Black "Unterthurner, Hans"]
[Result "0-1"]
[WhiteElo "1772"]
[BlackElo "2029"]
[PlyCount "92"]
[EventDate "2013.??.??"]

1. e4 e6 2. d4 d5 3. Nc3 Bb4 4. Bd3 c5 5. dxc5 Bxc3+ 6. bxc3 Qa5 7. Ne2 Nf6 8.
exd5 exd5 9. Be3 Nbd7 10. a4 O-O 11. Bb5 Re8 12. O-O a6 13. c6 axb5 14. cxd7
Bxd7 15. axb5 Qxb5 16. Rb1 Qc4 17. Rb4 Qc6 18. Rb6 Qc7 19. Bd4 Bg4 20. f3 Bf5
21. Ng3 Bc8 22. Qd2 Ra6 23. Rxa6 bxa6 24. Qg5 h6 25. Qd2 Re6 26. Nf5 Ne8 27.
Rb1 Qc4 28. Ne3 Qc6 29. Rb6 Qd7 30. Rb8 Qc7 31. Rb4 Qc6 32. Nf5 a5 33. Rb6 Qc7
34. Rb5 a4 35. Rxd5 a3 36. Rc5 Qb7 37. c4 Qb1+ 38. Kf2 Ba6 39. Ne3 Nd6 40. Qe2
a2 41. Qe1 Nxc4 42. Rxc4 Bxc4 43. Qc3 Ba6 44. Qa5 Qc1 45. Qc3 Rb6 46. Qa1 Rb1
0-1

[Event "SK Naturns Jambo-Groeden"]
[Site "?"]
[Date "2013.01.12"]
[Round "6.6"]
[White "Naegele, Norbert"]
[Black "Grossi, Christian"]
[Result "1-0"]
[WhiteElo "1786"]
[BlackElo "1770"]
[PlyCount "67"]
[EventDate "2013.??.??"]

1. e4 c5 2. Nf3 Nc6 3. Bb5 d6 4. O-O Bd7 5. Re1 Qc7 6. c3 g6 7. d4 cxd4 8. cxd4
Bg7 9. Nc3 e6 10. Be3 Nge7 11. Qd2 O-O 12. Bh6 a6 13. Bxg7 Kxg7 14. Bf1 d5 15.
exd5 exd5 16. Ne5 Be6 17. h3 Nf5 18. Nf3 b5 19. Rac1 Qb6 20. Rcd1 Rad8 21. g4
Nd6 22. Ng5 Rde8 23. b3 h6 24. Nxe6+ fxe6 25. Bg2 Rf6 26. Re2 Ref8 27. Qe3 Nc8
28. f4 Rxf4 29. Qxe6 Rxd4 30. Kh2 Rf6 31. Qxc8 Rxd1 32. Nxd1 Qc5 33. Qd7+ Rf7
34. Qxd5 1-0

[Event "SK Passeier-J. Richter/LASK BZ"]
[Site "?"]
[Date "2013.01.12"]
[Round "6.1"]
[White "Moncher, Stefano"]
[Black "Pichler, Michael"]
[Result "1-0"]
[WhiteElo "2182"]
[BlackElo "1832"]
[PlyCount "39"]
[EventDate "2013.??.??"]

1. e4 c6 2. d4 d5 3. Nc3 dxe4 4. Nxe4 Nf6 5. Nxf6+ exf6 6. c3 Bd6 7. Bd3 O-O 8.
Ne2 Re8 9. Qc2 g6 10. Be3 Be6 11. h4 Nd7 12. h5 Nf8 13. Bh6 f5 14. O-O-O Bxa2
15. b3 Qa5 16. Kd2 Qa3 17. Nc1 Bxb3 18. Nxb3 Be7 19. Nc5 Bxc5 20. Ra1 1-0